The gentleman's daughter : women's lives in Georgian England
Αποθηκεύτηκε σε:
| Κύριος συγγραφέας: | |
|---|---|
| Μορφή: | Βιβλίο |
| Γλώσσα: | English |
| Δημοσίευση: |
New Haven, Conn :
Yale University Press,
2003, 1998
|
| Σειρά: | Yale Nota bene
|
| Θέματα: | |
| Ετικέτες: |
Προσθήκη ετικέτας
Δεν υπάρχουν, Καταχωρήστε ετικέτα πρώτοι!
|
MARC
| LEADER | 00000nam a2200000 i 4500 | ||
|---|---|---|---|
| 001 | 1/47653 | ||
| 008 | 070706s20031998 eng d | ||
| 020 | |a 978-0-300-10222-2 (pbk.) | ||
| 035 | |l 10088699 | ||
| 040 | |a GR-MY-UA |b gre |e aacr | ||
| 041 | 0 | |a eng | |
| 082 | 0 | |a 305.420942 |2 (22) | |
| 100 | 1 | |a Vickery, Amanda. | |
| 245 | 1 | 4 | |a The gentleman's daughter : |b women's lives in Georgian England / |c Amanda Vickery |
| 260 | |a New Haven, Conn : |b Yale University Press, |c 2003, 1998 | ||
| 300 | |a ix, 436 σ.; |b εικ., πίν., 1 χάρτης; |c 24 εκ. | ||
| 490 | 1 | |a Yale Nota Bene | |
| 504 | |a Περιέχει βιβλιογραφία (σ. 397-414) και ευρετήριο | ||
| 650 | 0 | 0 | |a Women |z England |x History |y 18th century. |
| 650 | 0 | 0 | |a Gentry |z England |x History |y 18th century. |
| 651 | 0 | |a England |x Social conditions |y 18th century. | |
| 830 | 0 | |a Yale Nota bene | |
| 852 | |a INST |b LESVOS |e 20070706 |h 305.420942 VIC |p 005100037926 |q 005100037926 |t BK |y 0 | ||
| 901 | |a BIBL1-2007-2 | ||
| 909 | |a Λ |b 135617 | ||
| 922 | |a 1ΕΛΗ |b 200706 |c ΕΠΕΑΕΚ2/ΤΚΑ |d ΠΑΠΑΣΩΤΗΡΙΟΥ | ||
| 970 | |a ΚΑΡΑ |b ΓΙΑΣΕΜΗ |z 2007/07/06 | ||